000 00606nam a2200217Ii 4500
003 JO-AjNU
008 230606s9999||||xx |||||||||||||| ||und||
020 _a1-59756-045-6
040 _aJO-AjNU
_beng
_erda
_cJO-AjNU
041 _aeng
050 1 4 _aRM101.2006
100 3 _aHegde,
_eauthor
_924
245 0 0 _aTreatment Protocols for Languge Disoders in children
250 _a1 ed
264 3 1 _aOxford:plural publishing,2006
300 _a332p
336 _atext
_btxt
_2rdacontent
337 _aunmediated
_bn
_2rdamedia
338 _avolume
_bnc
_2rdacarrier
650 4 _aTreatment- Languge children
_925
999 _aE16
_c16
_d16